000 01341cam a2200397 a 4500
001 2292
003 FISKH
005 20250404102308.0
008 030908s2004 nyua b 000 1 eng
010 _a 2003018361
020 _a0375928049 (lib. bdg.)
020 _a9780439793896
020 _a0375828052 (pbk.)
040 _aDLC
_cDLC
_dDLC
_beng
050 0 0 _aPZ7.P2197
_bJsk 2004
082 0 0 _a808.8027
_222
100 1 _aPark, Barbara.
245 1 0 _aJunie B., first grader :
_bshipwrecked /
_cBarbara Park ; illustrated by Denise Brunkus.
246 3 0 _aShipwrecked
250 _aFirst Scholastic printing, September 2005
260 _aNew York :
_bScholastic,
_c2004
300 _a88 pages :
_billustrations ;
_c20 cm
490 1 _aThe Junie B. Jones series ;
_vBook 23
505 _aN
520 _aJunie B.'s journal entries start with Room One's stomach virus excitement, the first-grade Columbus Day play, and getting the part of the Pinta, the fastest ship.
521 8 _a560
_bLexile
521 8 _aN
_bRaz-Plus
650 1 _aSick
_vFiction.
650 1 _aTheater
_vFiction.
650 1 _aSchools
_vFiction.
650 1 _aColumbus Day
_vFiction.
650 1 _aDiaries
_vFiction.
700 1 _aBrunkus, Denise,
_eillustrator
906 _a7
_bcbc
_corignew
_d1
_eecip
_f20
_gy-gencatlg
942 _2ddc
_cBK
_n0
999 _c2292
_d2292